A quel film appartient cette phrase d'accroche? - Statistiques

Statistiques générales
  • Ce quiz a été pris 897 fois
  • Le résultat moyen est 6 sur 15
Statistiques - réponses
Question Réponse % Correct
"Il a peur. Il est seul. Il est à 3 millions d'années lumière de chez lui." E.T. l'Extra-terrestre
77%
"Jolie planète. On la prend!" Mars Attacks!
68%
"Houston, on a un problème." Appolo 13
63%
"Le retour n'était que le début." Retour vers le Futur 2
63%
"Courir... Où mourir." Le Labyrinthe
52%
"Dans l'espace, personne ne vous entend crier." Alien, le huitième passager
49%
"Le dernier homme sur terre n'est pas seul." Je suis une Légende
45%
"Cette année, un pull ne suffira pas." Le Jour d'Après
43%
"Une comédie romantique. Avec des zombies." Shaun of the Dead
40%
"Plus c'est long, plus c'est dur." 40 ans, toujours Puceau
32%
"Vous connaissez le nom. Vous connaissez le numéro." Goldeneye
29%
"N'y allez pas, ça dure trois heures." Le Grand Bleu
26%
"C'est sympa." Grease
25%
"Le meilleur film de Michael Bay." No Pain no Gain
19%
"Surtout ne l'énervez pas." John Wick
12%
Aucun quiz correspondant
Distribution des résultats
% des personnes avec chaque résultat
Percentile par nombre de réponses
Votre historique - résultats
Vous n’avez pas pris ce quiz